Normal view
MARC view
- MS-MECH-19
Entry Topical Term
001 - CONTROL NUMBER
- control field: 85002
003 - CONTROL NUMBER IDENTIFIER
- control field: NUST
005 - DATE AND TIME OF LATEST TRANSACTION
- control field: 20211124105245.0
008 - FIXED-LENGTH DATA ELEMENTS
- fixed length control field: 211124|| aca||aabn | a|a d
040 ## - CATALOGING SOURCE
- Original cataloging agency: NUST
- Transcribing agency: NUST
150 ## - HEADING--TOPICAL TERM
- Topical term or geographic name entry element: MS-MECH-19
670 ## - SOURCE DATA FOUND
- Source citation: Work cat.: (NUST): Atta ul Mannan Hashmi 85000, TH-SOF-1941-Flow Analysis and Control of a Cooling System to Enhance Thermodynamic Efficiency, 2021.
